Các bài hát then nghi lễ cúng chữa bệnh "cứu dân độ thế" của người Tày Bắc Cạn Quyển 1
v.v...
Đã lưu trong:
| Tác giả chính: | |
|---|---|
| Định dạng: | Sách |
| Năm xuất bản: |
H.
Hội nhà văn
2016
|
| Chủ đề: | |
| Tags: |
Thêm thẻ
Không có thẻ, Hãy là người đầu tiên gắn thẻ bản ghi này!
|
| LEADER | 00735nam a2200205 4500 | ||
|---|---|---|---|
| 999 | |c 14191 |d 14191 | ||
| 082 | |a 398.8 |b M100V | ||
| 100 | |a Ma Văn Vịnh | ||
| 245 | |a Các bài hát then nghi lễ cúng chữa bệnh "cứu dân độ thế" của người Tày Bắc Cạn |c Ma Văn Vịnh |n Quyển 1 | ||
| 260 | |a H. |b Hội nhà văn |c 2016 | ||
| 300 | |a 535tr. |c 21cm | ||
| 520 | |a v.v... | ||
| 653 | |a Văn hóa dân gian | ||
| 653 | |a Nghi lễ | ||
| 653 | |a Cúng chữa bệnh | ||
| 653 | |a Cứu dân độ thế | ||
| 653 | |a Người Tày | ||
| 653 | |a Bắc Cạn | ||
| 942 | |2 ddc |c SH | ||
| 952 | |0 0 |1 0 |2 ddc |4 0 |6 398_800000000000000_M100V |7 0 |8 300 |9 111170 |a qbu |b qbu |c D2 |d 2017-07-05 |g 106000 |o 398.8 M100V |p 12490.c1 |r 2017-07-05 |w 2017-07-05 |y SH | ||